000 00821nam a2200253Ia 4500
001 22073
005 20260320113340.0
008 260320s9999||||xx |||||||||||||| ||und||
020 _a9781587434020
041 _aING
082 _a370.1
_bC18B
100 _aCaldecott, Stratford,
_eAUT
245 0 _aBeauty for truth's sake :
_bon the re-enchantment of education
246 _a
_5
_b
260 _aGrand Rapids :
_bBrazos Press,
_c2017
300 _a156 páginas :
_bilustraciones, gráficos ;
_c22 cm.
_e
440 _a
_n
_v
650 _aCIS
653 _aEducación - Filosofía; Educación humanística
654 _aCED
700 _a
_c
856 _uhttps://0u20fpl25-y-https-research-ebsco-com.itmsp.museknowledge.com/c/qxo6us/search
_zVéase además: Base de datos EBSCOhost
942 _cLIB
_dJUS
_fMAT
_2ddc
_n
999 _c22073
_d22073